[Event "Luxembourg-chT 1112"]
[Site "Luxembourg"]
[Date "2012.02.10"]
[Round "5"]
[White "Wagener, Claude"]
[Black "Pataki, Zemplen"]
[Result "1/2-1/2"]
[WhiteElo "2247"]
[BlackElo "1959"]
[PlyCount "112"]
[EventDate "2011.10.??"]
[EventType "team-tourn"]
[EventRounds "10"]
[EventCountry "LUX"]
[SourceTitle "EXT 2017"]
[Source "ChessBase"]
[SourceDate "2016.10.25"]
[SourceVersion "1"]
[SourceVersionDate "2016.10.25"]
[SourceQuality "1"]

1. e4 c5 2. Nf3 Nc6 3. d4 cxd4 4. Nxd4 e5 5. Nb5 d6 6. c4 Be7 7. N1c3 a6 8. Na3 h6 9. Nc2 Be6 10. Bd3 Bg5 11. Ne3 Nge7 12. h4 Bf4 13. g3 Bxe3 14. Bxe3 Nd4 15. Bxd4 exd4 16. Ne2 Qb6 17. Qb3 Qa5+ 18. Kf1 Nc6 19. Qxb7 Rc8 20. f4 Qd2 21. Qb3 Rb8 22. Rd1 Qxb2 23. Qxb2 Rxb2 24. f5 Bd7 25. Bb1 Ne5 26. Kf2 Nxc4 27. Rxd4 Nd2 28. Bd3 Bb5 29. Bxb5+ axb5 30. Rd1 Nc4 31. a4 Ke7 32. axb5 Rc8 33. Rd5 Rc5 34. Rxc5 dxc5 35. Rd5 Nd6 36. Kf3 Rxb5 37. g4 f6 38. e5 fxe5 39. Rxe5+ Kf7 40. Re6 Rb3+ 41. Kf4 Ne8 42. g5 Rb4+ 43. Kg3 hxg5 44. hxg5 c4 45. Rc6 Ke7 46. Nf4 Kd7 47. Rc5 Nd6 48. Kg4 Rb5 49. Rxb5 Nxb5 50. Kh5 Ke8 51. Kg6 Nd6 52. Ne6 c3 53. Nd4 Kf8 54. Nc2 Ne4 55. Kh5 Kf7 56. Kg4 g6 1/2-1/2

[Event "Luxembourg-chT 1112"]
[Site "Luxembourg"]
[Date "2011.12.10"]
[Round "3"]
[White "Stern, Geoffrey"]
[Black "Pataki, Zemplen"]
[Result "1/2-1/2"]
[WhiteElo "2007"]
[BlackElo "1959"]
[PlyCount "28"]
[EventDate "2011.10.??"]
[EventType "team-tourn"]
[EventRounds "10"]
[EventCountry "LUX"]
[SourceTitle "EXT 2017"]
[Source "ChessBase"]
[SourceDate "2016.10.25"]
[SourceVersion "1"]
[SourceVersionDate "2016.10.25"]
[SourceQuality "1"]

1. Nc3 c5 2. e4 e6 3. g3 d5 4. exd5 exd5 5. Bg2 Nf6 6. Nge2 d4 7. Ne4 Nxe4 8. Bxe4 Nd7 9. 0-0 Nf6 10. Bg2 Bd6 11. c3 0-0 12. cxd4 cxd4 13. d3 Re8 14. Nf4 Bxf4 1/2-1/2

[Event "Luxembourg-chT 1112"]
[Site "Luxembourg"]
[Date "2011.11.10"]
[Round "2"]
[White "Heinzel, Olaf"]
[Black "Pataki, Zemplen"]
[Result "1-0"]
[WhiteElo "2353"]
[BlackElo "1959"]
[PlyCount "55"]
[EventDate "2011.10.??"]
[EventType "team-tourn"]
[EventRounds "10"]
[EventCountry "LUX"]
[SourceTitle "EXT 2017"]
[Source "ChessBase"]
[SourceDate "2016.10.25"]
[SourceVersion "1"]
[SourceVersionDate "2016.10.25"]
[SourceQuality "1"]

1. d4 Nf6 2. Nf3 e6 3. Bf4 b6 4. h3 Bb7 5. e3 Be7 6. Be2 0-0 7. 0-0 Ne4 8. a4 a5 9. Na3 f5 10. Nb5 d6 11. Bc4 Qd7 12. d5 Kh8 13. dxe6 Qc6 14. Bd3 Na6 15. Nfd4 Qe8 16. f3 Nf6 17. Nxf5 Nd5 18. Be4 Nxf4 19. Bxb7 Nxh3+ 20. gxh3 Qg6+ 21. Kh2 Qxf5 22. Qd3 Qxe6 23. Bxa6 Rf6 24. f4 Rh6 25. Rf3 Qf7 26. Nxc7 Qh5 27. Qd5 Ra7 28. Bc4 1-0

[Event "Lille Luce op 2nd"]
[Site "Lille"]
[Date "2011.05.01"]
[Round "9"]
[White "Pataki, Zemplen"]
[Black "Valles, Manuel"]
[Result "1-0"]
[WhiteElo "1821"]
[BlackElo "2254"]
[PlyCount "27"]
[EventDate "2011.04.25"]
[EventType "swiss"]
[EventRounds "9"]
[EventCountry "FRA"]
[SourceTitle "CBM 142 Extra"]
[Source "ChessBase"]
[SourceDate "2011.06.27"]
[SourceVersion "1"]
[SourceVersionDate "2011.06.27"]
[SourceQuality "1"]

1. e4 c5 2. c3 g6 3. Nf3 Bg7 4. d4 cxd4 5. cxd4 d5 6. e5 Nh6 7. Bf4 Bg4 8. Bb5+ Nc6 9. Bxc6+ bxc6 10. Nbd2 Qb6 11. Qa4 0-0 12. 0-0 c5 13. dxc5 Qxc5 14. Bxh6 1-0

[Event "Budapest FS04 FM-B"]
[Site "Budapest"]
[Date "2010.04.10"]
[Round "8"]
[White "Csetneki, Mark"]
[Black "Pataki, Zemplen"]
[Result "1/2-1/2"]
[WhiteElo "1536"]
[BlackElo "1749"]
[PlyCount "88"]
[EventDate "2010.04.03"]
[EventType "tourn"]
[EventRounds "10"]
[EventCountry "HUN"]
[SourceTitle "CBM 135 Extra"]
[Source "ChessBase"]
[SourceDate "2010.05.04"]
[SourceVersion "1"]
[SourceVersionDate "2010.05.04"]
[SourceQuality "1"]

1. e4 c5 2. Nc3 e6 3. Nf3 Nc6 4. d4 cxd4 5. Nxd4 Nf6 6. a3 a6 7. Be3 Be7 8. Be2 Qc7 9. 0-0 b5 10. Kh1 Bb7 11. f4 d6 12. Bf3 Na5 13. Qc1 Rc8 14. f5 e5 15. Nde2 Nc4 16. Bg1 Nb6 17. Qe3 Nc4 18. Qc1 h6 19. b3 Nb6 20. Rd1 Nh7 21. Bg4 Ng5 22. f6 Bxf6 23. Bxc8 Bxc8 24. Bxb6 Qxb6 25. Nd5 Qd8 26. Qe3 Ne6 27. Nxf6+ gxf6 28. Rac1 Bb7 29. c4 Nc5 30. cxb5 Nxe4 31. bxa6 Ba8 32. Ng3 Nxg3+ 33. Qxg3 Ke7 34. Qe3 Rg8 35. Rd2 Qa5 36. Qa7+ Ke6 37. Rcd1 d5 38. b4 Qb5 39. h3 d4 40. Kh2 Qc6 41. Rg1 Rc8 42. Re1 Rg8 43. Rg1 Rc8 44. Re1 Rg8 1/2-1/2

[Event "Uxbridge op Major"]
[Site "Uxbridge"]
[Date "2010.03.21"]
[Round "4"]
[White "Pataki, Zemplen"]
[Black "Clayton, Tristan"]
[Result "1-0"]
[WhiteElo "1749"]
[BlackElo "1751"]
[PlyCount "141"]
[EventDate "2010.03.19"]
[EventType "swiss"]
[EventRounds "5"]
[EventCountry "ENG"]
[SourceTitle "EXT 2012"]
[Source "ChessBase"]
[SourceDate "2011.11.24"]
[SourceVersion "1"]
[SourceVersionDate "2011.11.24"]
[SourceQuality "1"]

1. e4 c6 2. d4 d5 3. exd5 cxd5 4. Bd3 Nf6 5. c3 g6 6. Bf4 Nbd7 7. h3 Bg7 8. Nf3 Nh5 9. Bh2 0-0 10. Nbd2 Re8 11. 0-0 Nf8 12. Ne5 Nd7 13. f4 Nxe5 14. fxe5 Bh6 15. Nf3 Ng7 16. Nh4 Rf8 17. Kh1 Bd7 18. Qe1 Ne6 19. Bg1 Nf4 20. Bc2 Bb5 21. Rf3 Be2 22. Rf2 Bb5 23. Rd1 e6 24. Nf3 Nh5 25. Bh2 a5 26. a4 Ba6 27. g3 Rc8 28. Kg2 Rc6 29. Bg1 Qe7 30. Nh2 Qg5 31. Ng4 Kh8 32. Bh2 Bg7 33. Qe3 Qxe3 34. Nxe3 Bh6 35. Ng4 Bg7 36. Bg1 Rc7 37. Rfd2 Kg8 38. Be3 f5 39. exf6 Nxf6 40. Nh6+ Kh8 41. Rf2 Ne4 42. Rxf8+ Bxf8 43. Bxe4 dxe4 44. Bf4 Rd7 45. Be5+ Bg7 46. Bxg7+ Kxg7 47. Ng4 Be2 48. Re1 Bxg4 49. hxg4 e5 50. Rxe4 exd4 51. Rxd4 Re7 52. Kf3 Rf7+ 53. Ke3 b6 54. Rd6 Rb7 55. c4 Kf7 56. Kd4 Ke7 57. Kd5 Rb8 58. g5 Rb7 59. Kc6 Rb8 60. Rd7+ Ke6 61. Kc7 Ra8 62. Rd6+ Kf5 63. Rd5+ Ke4 64. Rb5 Kd4 65. b3 h5 66. gxh6 Rh8 67. Kxb6 Rxh6 68. Kxa5 Kc3 69. g4 Rh8 70. g5 Rh5 71. Kb6 1-0

[Event "Wch U16"]
[Site "Kemer"]
[Date "2009.11.21"]
[Round "10"]
[White "Pataki, Zemplen"]
[Black "Neves, Pedro Alexandre Mai"]
[Result "1-0"]
[WhiteElo "1663"]
[BlackElo "2075"]
[PlyCount "65"]
[EventDate "2009.11.12"]
[EventType "swiss"]
[EventRounds "11"]
[EventCountry "TUR"]
[SourceTitle "EXT 2010"]
[Source "ChessBase"]
[SourceDate "2010.11.25"]
[SourceVersion "1"]
[SourceVersionDate "2010.11.25"]
[SourceQuality "1"]

1. e4 c5 2. d4 cxd4 3. c3 d3 4. Bxd3 Nc6 5. Nf3 g6 6. e5 Bg7 7. Bf4 f6 8. exf6 Nxf6 9. 0-0 0-0 10. Re1 Kh8 11. Qe2 d6 12. Nbd2 e5 13. Bg5 Qc7 14. Rad1 Be6 15. Bb1 Nd7 16. Qe3 d5 17. Bh6 Qd8 18. Bxg7+ Kxg7 19. Ng5 Bg8 20. Qh3 Qe7 21. Ndf3 h6 22. Nh4 Rf6 23. Bxg6 hxg5 24. Nf5+ Rxf5 25. Bxf5 Nf8 26. Qg4 Ng6 27. Re3 Rf8 28. Bxg6 Be6 29. Qe2 Kxg6 30. b4 Qf6 31. b5 d4 32. Rf3 Bf5 33. bxc6 1-0

[Event "Budapest FS07 FM-C"]
[Site "Budapest"]
[Date "2009.07.10"]
[Round "7"]
[White "Pataki, Zemplen"]
[Black "Farkas, Richard"]
[Result "0-1"]
[WhiteElo "1544"]
[BlackElo "1818"]
[PlyCount "116"]
[EventDate "2009.07.04"]
[EventType "tourn"]
[EventRounds "7"]
[EventCountry "HUN"]
[SourceTitle "CBM 131 Extra"]
[Source "ChessBase"]
[SourceDate "2009.09.03"]
[SourceVersion "2"]
[SourceVersionDate "2009.09.16"]
[SourceQuality "1"]

1. e4 e6 2. d4 d5 3. Nc3 Bb4 4. exd5 exd5 5. Bd3 Nf6 6. a3 Ba5 7. Nge2 c6 8. Bg5 h6 9. Bh4 0-0 10. 0-0 Qd6 11. Bg3 Qd8 12. Bh4 Bc7 13. f4 Bg4 14. Qd2 Qd6 15. Ng3 Bb6 16. Nf5 Bxf5 17. Bxf5 Re8 18. Rae1 Nbd7 19. Bxf6 Nxf6 20. Kh1 Bc7 21. g3 g6 22. Bh3 Ne4 23. Nxe4 dxe4 24. f5 c5 25. fxg6 fxg6 26. Qf2 cxd4 27. Qf7+ Kh8 28. Rf6 Rf8 29. Rxd6 Rxf7 30. Rxd4 e3 31. Re4 Bb6 32. Re6 Kg7 33. b4 Rd8 34. Re2 Rd1+ 35. Kg2 Rf2+ 36. Rxf2 exf2 37. Kf3 f1Q+ 38. Bxf1 Rxf1+ 39. Kg4 h5+ 40. Kh3 Rf2 41. c4 g5 42. g4 h4 43. c5 Bd8 44. Rd6 Bf6 45. Rd7+ Kg6 46. Rd6 Kf7 47. Rd5 Ke7 48. Rf5 Rxf5 49. gxf5 Be5 50. Kg4 Bxh2 51. Kxg5 Bg3 52. Kg4 Kf6 53. a4 Bf2 54. a5 a6 55. Kf3 Be1 56. b5 Bxa5 57. bxa6 bxa6 58. Kg4 Bc7 0-1

[Event "Champagne Ardenne op 5th"]
[Site "Champagne Ardenne"]
[Date "2009.05.02"]
[Round "5"]
[White "Seninck, Maxence"]
[Black "Pataki, Zemplen"]
[Result "0-1"]
[WhiteElo "1270"]
[BlackElo "1522"]
[PlyCount "60"]
[EventDate "2009.05.01"]
[EventType "swiss"]
[EventRounds "7"]
[EventCountry "FRA"]
[SourceTitle "EXT 2010"]
[Source "ChessBase"]
[SourceDate "2010.11.25"]
[SourceVersion "1"]
[SourceVersionDate "2010.11.25"]
[SourceQuality "1"]

1. d4 d5 2. Nc3 Bf5 3. f3 Nf6 4. Bg5 Nc6 5. Bxf6 gxf6 6. e4 dxe4 7. fxe4 Bg6 8. d5 Ne5 9. Qd4 a6 10. 0-0-0 Bh6+ 11. Kb1 0-0 12. Nf3 Nxf3 13. gxf3 Bg7 14. f4 f5 15. e5 e6 16. h4 Bh5 17. Be2 Bxe2 18. Nxe2 Qxd5 19. Qxd5 exd5 20. Rxd5 Rfd8 21. Rdd1 Bh6 22. Rhg1+ Kf8 23. Ng3 Rxd1+ 24. Rxd1 Bxf4 25. Nxf5 Bxe5 26. h5 Ke8 27. Re1 f6 28. Rg1 Rd8 29. Rg8+ Kd7 30. Rg7+ Ke6 0-1